Deutsche Beschreibungen des Königlichen Ungarns im 17. Jahrhundert

Elmentve itt :
Bibliográfiai részletek
Szerző: Csapó Zsuzsanna
További közreműködők: Kopasz Filoméla (Témavezető)
Dokumentumtípus: Szakdolgozat
Megjelent: 1996
Tárgyszavak:
Online Access:http://diploma.bibl.u-szeged.hu/77641
LEADER 00569nta a2200157 i 4500
001 dipl77641
005 20200623124501.0
008 190619s1996 hu om 0|| ger d
040 |a SZTE Diploma Repozitórium  |b hun 
041 |a ger 
100 1 |a Csapó Zsuzsanna 
245 1 0 |a Deutsche Beschreibungen des Königlichen Ungarns im 17. Jahrhundert  |h [elektronikus dokumentum] /  |c Zsuzsanna Csapó 
260 |c 1996 
650 4 |a Pedagógusképzés 
700 1 |a Kopasz Filoméla  |e ths 
856 4 0 |u http://diploma.bibl.u-szeged.hu/id/eprint/77641/1/1996_csapo_zsuzsanna.pdf  |z Dokumentum-elérés